| 000 | 00840nas a2200313 4500 | ||
|---|---|---|---|
| 001 | BR7307419 | ||
| 003 | BR-BrBNA | ||
| 005 | 20231205100300.0 | ||
| 007 | ta | ||
| 008 | 230509b bl.|||p| |||| 00| 00por d | ||
| 040 |
_aBR-BrBNA _bpor _cBiblioteca Nacional de Agricultura |
||
| 041 | _a(Pt) | ||
| 072 | _aE70; U10 | ||
| 100 | 1 | _aSantos, J.R.M. dos | |
| 100 | 1 | _aLadeira, H.H. | |
| 100 | 1 | _aArruda, M.L. de | |
| 100 | 1 | _aCampos, J.R.S. | |
| 100 | 1 | _aBrandt, S.A. | |
| 100 | 1 | _aCarvalho, W.L. de | |
| 245 | 1 | _aAspectos da demanda de frutas e hortalicas | |
| 650 | _aFruta | ||
| 650 | _aHortalica | ||
| 650 | _aRenda per Capita | ||
| 650 | _aConsumo | ||
| 650 | _aMaranhao | ||
| 773 | 0 |
_tBoletim do SER (Brazil) _x _g(1975), (no. 2) p. 5-35 _wBR7307419 |
|
| 909 |
_a202311 _bLúcia _c55 _dLúcia Elande |
||
| 942 |
_2AGRIS _n0 _cANA |
||
| 999 |
_c155135 _d155135 |
||